书目信息 |
| 题名: |
细菌世界历险记
|
|
| 作者: | 高士其 著 ;童趣出版有限公司 编 | |
| 分册: | ||
| 出版信息: | 北京 人民邮电出版社 2016 |
|
| 页数: | 343页 | |
| 开本: | 22cm | |
| 丛书名: | 智慧熊 | |
| 单 册: | ||
| 中图分类: | Q939.1-49 | |
| 科图分类: | ||
| 主题词: | 细菌--少儿读物 | |
| 电子资源: | ||
| ISBN: | 978-7-115-43438-8 | |
| 000 | 00825oam2 2200277 450 | |
| 001 | 0115233222 | |
| 005 | 20170215233222.0 | |
| 010 | @a978-7-115-43438-8@dCNY22.80 | |
| 100 | @a20170215d2016 cd y0chiy0120 ea | |
| 101 | 0 | @achi |
| 102 | @aCN@b110000 | |
| 105 | @aa z 000yy | |
| 106 | @ar | |
| 200 | 1 | @a细菌世界历险记@9Xi Jun Shi Jie Li Xian Ji @f高士其著@g童趣出版有限公司编 |
| 210 | @a北京@c人民邮电出版社@d2016 | |
| 215 | @a343页@c图@d22cm | |
| 225 | 2 | @a智慧熊 |
| 225 | 2 | @a新课标必读名著@e彩插励志版 |
| 461 | 0 | @12001 @a智慧熊 |
| 461 | 0 | @12001 @a新课标必读名著 |
| 606 | 0 | @a细菌@j少儿读物 |
| 690 | @aQ939.1-49@v5 | |
| 701 | 0 | @a高士其@9gao shi qi@4著 |
| 712 | 02 | @a童趣出版有限公司@9tong qu chu ban you xian gong si@4编 |
| 801 | 0 | @aCN@bAzMarc@c20170215 |
| 905 | @aBZT@dQ939.1-49@e2@f2@sQ939.1-49/2 | |
| 细菌世界历险记/高士其著/童趣出版有限公司编.-北京:人民邮电出版社,2016 |
| 343页:图;22cm.-(智慧熊).-(新课标必读名著:彩插励志版) |
| ISBN 978-7-115-43438-8:CNY22.80 |
| ● |
| 相关链接 |
|
|
|
正题名:细菌世界历险记
索取号:Q939.1-49/2
 
预约/预借
| 序号 | 登录号 | 条形码 | 馆藏地/架位号 | 状态 | 备注 |
| 1 | 2000027911 | 2000027911 | 旧书回溯/ [索取号:Q939.1-49/2] | 在馆 | |
| 2 | 2000153430 | 2000153430 | 旧书回溯/ [索取号:Q939.1-49/2] | 在馆 |